Quattro <A> Ready Reference Manual

Saved in:
Bibliographic Details
Main Author: Garrison, Catherine
Other Authors: McGowen, Mercedes A.
Format: Book
Language:English
Published: Reading Addison - Wesley Pub. Co. 1989
Edition:1. ed.
Tags: Add Tag
No Tags, Be the first to tag this record!

MARC

LEADER 00000nam a2200000 4500
001 c040066
005 20221215114348.3
041 0 |a eng 
044 |a GB 
245 1 0 |a Quattro  |b <A> Ready Reference Manual  |c Catherine Garrison, Mercedes A. McGowen 
250 |a 1. ed. 
264 1 |a Reading  |b Addison - Wesley Pub. Co.  |c 1989 
300 |a 122 s. 
100 1 |a Garrison, Catherine 
700 1 |a McGowen, Mercedes A.